[Event "2. Bundesliga Ost 2016/2017"]
[Site "alle Wien"]
[Date "2016.10.15"]
[Round "1"]
[Board "6"]
[White "Sekyra, Michael"]
[Black "Hofegger, Jakob"]
[Result "1-0"]
[WhiteElo "2099"]
[BlackElo "2072"]
[PlyCount "87"]
[EventDate "2016.10.15"]
[EventType "team"]
[EventRounds "11"]
[EventCountry "AUT"]
[WhiteTeam "SC Donaustadt"]
[BlackTeam "SK Advisory Invest Baden"]

1. e4 e6 2. d4 d5 3. Nc3 Nf6 4. e5 Nfd7 5. f4 c5 6. Nf3 Nc6 7. Be3 Be7 8. Bd3
cxd4 9. Nxd4 Nc5 10. O-O Nxd3 11. Qxd3 O-O 12. Kh1 Bd7 13. Rf3 f6 14. Rh3 g6
15. Nf3 fxe5 16. fxe5 Rf5 17. Bd4 Qa5 18. Ne2 Raf8 19. c3 Qc7 20. Qe3 R8f7 21.
g4 Rxf3 22. Rxf3 Rxf3 23. Qxf3 Be8 24. Qe3 Bf8 25. Nf4 Qd7 26. h4 b6 27. g5 Ne7
28. a4 Nf5 29. Qf2 h6 30. a5 hxg5 31. axb6 axb6 32. hxg5 Qe7 33. Bxb6 d4 34.
cxd4 Bc6+ 35. d5 exd5 36. Bd4 Qxg5 37. Rg1 Qh6+ 38. Kg2 Bb4 39. Nxg6 Qg5+ 40.
Kf3 Qh5+ 41. Kf4 Nxd4 42. Qxd4 Qh2+ 43. Kf5 Qh3+ 44. Kf6 1-0

[Event "2. Bundesliga Ost 2016/2017"]
[Site "alle Wien"]
[Date "2016.10.15"]
[Round "1"]
[Board "1"]
[White "Juhasz, Armin"]
[Black "Polak, Tomas"]
[Result "1/2-1/2"]
[WhiteElo "2388"]
[BlackElo "2505"]
[PlyCount "63"]
[EventDate "2016.10.15"]
[EventType "team"]
[EventRounds "11"]
[EventCountry "AUT"]
[WhiteTeam "SK Sparkasse Bad Voeslau"]
[BlackTeam "SK Hietzing"]

1. d4 Nf6 2. Nf3 b6 3. c4 Bb7 4. Nc3 e6 5. a3 g6 6. Qc2 Bg7 7. e4 d6 8. Be2
Nbd7 9. O-O O-O 10. Be3 Qe7 11. Rab1 a6 12. b4 Rab8 13. Rfe1 Rfc8 14. h3 h6 15.
d5 c6 16. dxe6 Qxe6 17. c5 dxc5 18. bxc5 b5 19. Bf4 Ra8 20. Nd4 Qe8 21. e5 Nd5
22. Nxd5 cxd5 23. Bg4 Nxc5 24. Bxc8 Rxc8 25. Qe2 Ne4 26. Rbc1 Rc4 27. Nb3 Qd8
28. Bd2 Ba8 29. Bb4 Bxe5 30. Nd2 Rxc1 31. Rxc1 Bb7 32. Nf3 1/2-1/2

[Event "2. Bundesliga Ost 2016/2017"]
[Site "alle Wien"]
[Date "2016.10.15"]
[Round "1"]
[Board "2"]
[White "Pisk, Petr"]
[Black "Juhasz, Kristof"]
[Result "1/2-1/2"]
[WhiteElo "2349"]
[BlackElo "2401"]
[PlyCount "27"]
[EventDate "2016.10.15"]
[EventType "team"]
[EventRounds "11"]
[EventCountry "AUT"]
[WhiteTeam "SK Hietzing"]
[BlackTeam "SK Sparkasse Bad Voeslau"]

1. c4 e6 2. Nf3 Nf6 3. g3 d5 4. d4 Bb4+ 5. Bd2 Be7 6. Bg2 O-O 7. Qc2 c6 8. O-O
Nbd7 9. Bf4 b6 10. Nc3 Nh5 11. Bc1 Nhf6 12. Bf4 Nh5 13. Bc1 Nhf6 14. Bf4
 1/2-1/2

[Event "2. Bundesliga Ost 2016/2017"]
[Site "alle Wien"]
[Date "2016.10.15"]
[Round "1"]
[Board "3"]
[White "Plachetka, Jan"]
[Black "Penz, Harald"]
[Result "1/2-1/2"]
[WhiteElo "2354"]
[BlackElo "2315"]
[PlyCount "104"]
[EventDate "2016.10.15"]
[EventType "team"]
[EventRounds "11"]
[EventCountry "AUT"]
[WhiteTeam "SK Sparkasse Bad Voeslau"]
[BlackTeam "SK Hietzing"]

1. d4 d5 2. c4 c5 3. cxd5 Qxd5 4. Nf3 cxd4 5. Nc3 Qa5 6. Nxd4 Nf6 7. g3 e5 8.
Nb3 Qc7 9. Bg2 Bb4 10. O-O Bxc3 11. bxc3 O-O 12. Ba3 Rd8 13. Qc2 Nc6 14. Nc5 b6
15. Qa4 bxc5 16. Qxc6 Qxc6 17. Bxc6 Rb8 18. Bxc5 Ba6 19. Bxa7 Rbc8 20. Rfd1
Rxd1+ 21. Rxd1 Bxe2 22. Rd2 Ba6 23. a4 h6 24. Rd6 Be2 25. a5 Ne8 26. Rd2 Rxc6
27. Rxe2 f6 28. Ra2 Nc7 29. Be3 Kf7 30. Kf1 Ke6 31. c4 Na6 32. Rb2 Kd6 33. Rb6
Rxb6 34. axb6 f5 35. f3 Kc6 36. Ke2 Nb8 37. g4 f4 38. Bf2 Nd7 39. Kd3 Nxb6 40.
Bxb6 Kxb6 41. Ke4 Kc5 42. Kxe5 g5 43. Kf5 Kxc4 44. Kg6 Kd4 45. Kxh6 Ke3 46.
Kxg5 Kxf3 47. h4 Kg3 48. h5 f3 49. h6 f2 50. h7 f1=Q 51. h8=Q Qf4+ 52. Kg6
Qxg4+ 1/2-1/2

[Event "2. Bundesliga Ost 2016/2017"]
[Site "alle Wien"]
[Date "2016.10.15"]
[Round "1"]
[Board "4"]
[White "Vyskocil, Neklan"]
[Black "Brehovsky, Paul"]
[Result "1-0"]
[WhiteElo "2332"]
[BlackElo "2127"]
[PlyCount "71"]
[EventDate "2016.10.15"]
[EventType "team"]
[EventRounds "11"]
[EventCountry "AUT"]
[WhiteTeam "SK Hietzing"]
[BlackTeam "SK Sparkasse Bad Voeslau"]

1. d4 e6 2. c4 d5 3. Nc3 Nf6 4. Bf4 dxc4 5. e3 Bb4 6. Bxc4 Nd5 7. Nge2 Nxf4 8.
Nxf4 O-O 9. O-O Nc6 10. Ne4 e5 11. dxe5 Nxe5 12. Qb3 Nxc4 13. Qxb4 Nb6 14. Rfd1
a5 15. Qc5 Bd7 16. Rac1 Rc8 17. Qxa5 Qe7 18. Ng3 Bg4 19. Rd2 Ra8 20. Qc3 Rxa2
21. h3 Bc8 22. Nfh5 f6 23. Qxc7 Qxc7 24. Rxc7 g6 25. Rd6 Na8 26. Nxf6+ Rxf6 27.
Rxc8+ Rf8 28. Rc2 Ra1+ 29. Kh2 Ra6 30. Rd7 Rc6 31. Rcd2 Nc7 32. Ne4 b5 33. Ng5
h6 34. Nf3 Ne8 35. Re7 Rd6 36. Rxe8 1-0

[Event "2. Bundesliga Ost 2016/2017"]
[Site "alle Wien"]
[Date "2016.10.15"]
[Round "1"]
[Board "5"]
[White "Lampl, Gerald"]
[Black "Djeno, Drago"]
[Result "0-1"]
[WhiteElo "2082"]
[BlackElo "2224"]
[PlyCount "100"]
[EventDate "2016.10.15"]
[EventType "team"]
[EventRounds "11"]
[EventCountry "AUT"]
[WhiteTeam "SK Sparkasse Bad Voeslau"]
[BlackTeam "SK Hietzing"]

1. d4 Nf6 2. c4 g6 3. Nf3 Bg7 4. g3 O-O 5. Bg2 d6 6. O-O Nc6 7. Nc3 a6 8. d5
Na5 9. b3 c5 10. Bb2 Rb8 11. Nd2 b5 12. Qc2 bxc4 13. bxc4 Bf5 14. e4 Bd7 15.
Rab1 Qc7 16. h3 Nh5 17. Kh2 Bd4 18. Nd1 e5 19. dxe6 fxe6 20. f4 Nc6 21. Nb3 e5
22. f5 Bxb2 23. Rxb2 Nd4 24. Nxd4 cxd4 25. Bf3 Nf6 26. g4 Rxb2 27. Nxb2 gxf5
28. exf5 e4 29. Bg2 d5+ 30. Kh1 dxc4 31. Nxc4 Bb5 32. Rc1 Qxc4 33. Qxc4+ Bxc4
34. Rxc4 Rd8 35. g5 d3 36. Bf1 d2 37. Be2 d1=Q+ 38. Bxd1 Rxd1+ 39. Kg2 e3 40.
Kf3 Nd5 41. f6 Kf7 42. Rh4 Kg6 43. Rh6+ Kxg5 44. Rxh7 Rf1+ 45. Ke2 Rxf6 46.
Rg7+ Kh6 47. Rd7 Rf2+ 48. Ke1 Nf4 49. Re7 Nd3+ 50. Kd1 Rd2# 0-1

[Event "2. Bundesliga Ost 2016/2017"]
[Site "alle Wien"]
[Date "2016.10.15"]
[Round "1"]
[Board "6"]
[White "Wagner, Stefan"]
[Black "Dittel, Herbert"]
[Result "1-0"]
[WhiteElo "2152"]
[BlackElo "2068"]
[PlyCount "109"]
[EventDate "2016.10.15"]
[EventType "team"]
[EventRounds "11"]
[EventCountry "AUT"]
[WhiteTeam "SK Hietzing"]
[BlackTeam "SK Sparkasse Bad Voeslau"]

1. c4 e5 2. g3 Nc6 3. Bg2 d6 4. Nc3 Be6 5. d3 Qd7 6. Rb1 g6 7. b4 Bg7 8. b5 Nd8
9. Nf3 Bh3 10. Bxh3 Qxh3 11. Nd5 Qd7 12. O-O c6 13. Ne3 Ne7 14. a4 O-O 15. a5
a6 16. Qa4 Ne6 17. bxc6 bxc6 18. Nd5 Nc8 19. Nb6 Nxb6 20. Rxb6 Rfc8 21. Be3 Nd4
22. Bxd4 exd4 23. Rfb1 Ra7 24. Qb3 Bf6 25. Rb7 Rc7 26. Rxc7 Rxc7 27. Qb6 c5 28.
Qxa6 Ra7 29. Qb5 Qxb5 30. Rxb5 Kf8 31. Nd2 Bd8 32. Nb3 Ke7 33. e3 dxe3 34. fxe3
Kd7 35. g4 Kc6 36. d4 cxd4 37. exd4 Rb7 38. d5+ Kc7 39. Nd4 Ra7 40. Kf2 Bf6 41.
Nc6 Ra8 42. Rb3 Bh4+ 43. Ke2 Bg5 44. Rf3 f6 45. Rb3 h5 46. h3 hxg4 47. hxg4 Rh8
48. a6 Rh2+ 49. Kf1 Ra2 50. a7 Bd2 51. Rh3 Kb6 52. Rh8 Rxa7 53. Nxa7 Kxa7 54.
c5 Bb4 55. c6 1-0

[Event "2. Bundesliga Ost 2016/2017"]
[Site "alle Wien"]
[Date "2016.10.15"]
[Round "1"]
[Board "1"]
[White "Wcislo, Damian"]
[Black "Bachofner, Andreas"]
[Result "1-0"]
[WhiteElo "2304"]
[BlackElo "2214"]
[PlyCount "59"]
[EventDate "2016.10.15"]
[EventType "team"]
[EventRounds "11"]
[EventCountry "AUT"]
[WhiteTeam "tschaturanga"]
[BlackTeam "Blackburne Nickelsdorf 2"]

1. d4 e6 2. c4 f5 3. Nf3 Nf6 4. Nc3 Be7 5. Bf4 d6 6. e3 O-O 7. Be2 Nh5 8. O-O
Nd7 9. Qb3 c5 10. Rad1 a6 11. Qc2 Nxf4 12. exf4 Qc7 13. Rfe1 Nb6 14. Bd3 Bf6
15. dxc5 Qxc5 16. Ng5 Bxg5 17. fxg5 e5 18. g4 g6 19. gxf5 Bxf5 20. Ne4 Bxe4 21.
Bxe4 Rf4 22. Kh1 Qxf2 23. Qxf2 Rxf2 24. Rxd6 Rxb2 25. c5 Na4 26. c6 bxc6 27.
Bxc6 Rf8 28. Bxa4 Rff2 29. Bb3+ Kf8 30. Rf6+ 1-0

[Event "2. Bundesliga Ost 2016/2017"]
[Site "alle Wien"]
[Date "2016.10.15"]
[Round "1"]
[Board "2"]
[White "Koffler, Daniel"]
[Black "Sadilek, Peter"]
[Result "0-1"]
[WhiteElo "2152"]
[BlackElo "2274"]
[PlyCount "62"]
[EventDate "2016.10.15"]
[EventType "team"]
[EventRounds "11"]
[EventCountry "AUT"]
[WhiteTeam "Blackburne Nickelsdorf 2"]
[BlackTeam "tschaturanga"]

1. e4 g6 2. d4 Bg7 3. Nf3 d6 4. Bc4 Nf6 5. Qe2 O-O 6. O-O Bg4 7. Bb3 Nc6 8. c3
e5 9. Rd1 exd4 10. cxd4 Re8 11. Nc3 Nxe4 12. Bxf7+ Kxf7 13. Nxe4 Kg8 14. d5 Nd4
15. Qd3 Rxe4 16. Qxe4 Bf5 17. Rxd4 Bxe4 18. Rxe4 Qd7 19. Bg5 Re8 20. Rxe8+ Qxe8
21. Rc1 Qf7 22. h4 h6 23. Bd8 Qd7 24. Bxc7 Qc8 25. Rc2 Qf5 26. Rd2 Qd7 27. Ba5
Qc8 28. Bb4 Qc7 29. g3 a5 30. Ba3 b5 31. b4 Qc3 0-1

[Event "2. Bundesliga Ost 2016/2017"]
[Site "alle Wien"]
[Date "2016.10.15"]
[Round "1"]
[Board "3"]
[White "Sadilek, Maximilian"]
[Black "Kuntner, Reinhard"]
[Result "1-0"]
[WhiteElo "2258"]
[BlackElo "2076"]
[PlyCount "79"]
[EventDate "2016.10.15"]
[EventType "team"]
[EventRounds "11"]
[EventCountry "AUT"]
[WhiteTeam "tschaturanga"]
[BlackTeam "Blackburne Nickelsdorf 2"]

1. d4 Nf6 2. c3 g6 3. Nf3 Bg7 4. Bg5 d5 5. Qc1 O-O 6. Bh6 c5 7. Bxg7 Kxg7 8. e3
Nc6 9. Nbd2 e5 10. Nxe5 Nxe5 11. dxe5 Ng4 12. Nf3 Qe7 13. c4 d4 14. exd4 cxd4
15. Qd2 Rd8 16. O-O-O d3 17. h3 Nxe5 18. Qc3 d2+ 19. Rxd2 Rxd2 20. Kxd2 f6 21.
Nxe5 fxe5 22. f4 Kg8 23. Qxe5 Qb4+ 24. Kc1 Bf5 25. Qd5+ Kg7 26. Bd3 Rf8 27.
Bxf5 Rxf5 28. Qd4+ Kg8 29. Rd1 a5 30. g4 Rf7 31. f5 b5 32. cxb5 Qxb5 33. Qd5
Qe2 34. Qe6 Qxe6 35. fxe6 Re7 36. Rd8+ Kg7 37. Rd7 Kf6 38. Rxe7 Kxe7 39. Kc2
Kxe6 40. Kb3 1-0

[Event "2. Bundesliga Ost 2016/2017"]
[Site "alle Wien"]
[Date "2016.10.15"]
[Round "1"]
[Board "4"]
[White "Rongitsch, Thomas"]
[Black "Kreindl, Helmut"]
[Result "0-1"]
[WhiteElo "2092"]
[BlackElo "2226"]
[PlyCount "80"]
[EventDate "2016.10.15"]
[EventType "team"]
[EventRounds "11"]
[EventCountry "AUT"]
[WhiteTeam "Blackburne Nickelsdorf 2"]
[BlackTeam "tschaturanga"]

1. e4 d5 2. exd5 Qxd5 3. Nc3 Qd6 4. Nf3 Bg4 5. Bc4 Nf6 6. d3 c6 7. Qe2 Nbd7 8.
Bd2 e6 9. h3 Bxf3 10. Qxf3 Ne5 11. Qe2 Nxc4 12. dxc4 Be7 13. O-O-O O-O 14. g4
Qc7 15. g5 Nd7 16. f4 Bb4 17. Qg4 Rfd8 18. Ne4 Bxd2+ 19. Rxd2 Nf8 20. Rhd1 Rxd2
21. Rxd2 Rd8 22. Re2 Ng6 23. f5 Qf4+ 24. Qxf4 Nxf4 25. Re3 exf5 26. Nd6 Ne6 27.
Nxb7 Rd4 28. Na5 c5 29. b3 g6 30. Nc6 Rd6 31. Nxa7 Ra6 32. Nb5 Rxa2 33. Nc3
Ra1+ 34. Kb2 Rg1 35. Na4 f4 36. Rxe6 fxe6 37. Nxc5 f3 38. Ne4 Re1 39. Nf6+ Kf7
40. Ng4 Re4 0-1

[Event "2. Bundesliga Ost 2016/2017"]
[Site "alle Wien"]
[Date "2016.10.15"]
[Round "1"]
[Board "5"]
[White "Leitner, Gerald"]
[Black "Jirovec, Alfred"]
[Result "1-0"]
[WhiteElo "2160"]
[BlackElo "2023"]
[PlyCount "97"]
[EventDate "2016.10.15"]
[EventType "team"]
[EventRounds "11"]
[EventCountry "AUT"]
[WhiteTeam "tschaturanga"]
[BlackTeam "Blackburne Nickelsdorf 2"]

1. d4 Nf6 2. c4 g6 3. Nc3 Bg7 4. e4 d6 5. Nf3 O-O 6. Be2 e5 7. O-O exd4 8. Nxd4
Nc6 9. Nxc6 bxc6 10. Bg5 Be6 11. Qc2 Qc8 12. Rfd1 Nd7 13. Rac1 Rb8 14. b3 f5
15. exf5 Bxf5 16. Qd2 Re8 17. Be3 a6 18. h3 Nf6 19. Bf3 Qd7 20. Re1 Ne4 21.
Bxe4 Bxe4 22. Ba7 Bxc3 23. Rxc3 Ra8 24. Bd4 c5 25. Be3 Qf7 26. Bh6 Bc6 27. Rce3
Rxe3 28. Rxe3 Re8 29. Rxe8+ Qxe8 30. Qc3 Qe7 31. f3 Bb7 32. h4 Bc6 33. Bg5 Qe2
34. Qf6 Qe8 35. Kf2 Bd7 36. Bh6 Qf7 37. Qd8+ Be8 38. Bg5 Qd7 39. Qa8 Qc6 40.
Qb8 Kf7 41. Bd8 d5 42. cxd5 Qxd5 43. Qxc7+ Bd7 44. Bg5 Qd4+ 45. Kg3 Ke6 46. Qd8
Qe5+ 47. Bf4 Qe1+ 48. Kh2 Qb4 49. Qg8+ 1-0

[Event "2. Bundesliga Ost 2016/2017"]
[Site "alle Wien"]
[Date "2016.10.15"]
[Round "1"]
[Board "6"]
[White "Gratze, Michael"]
[Black "Morgunov, Marc"]
[Result "0-1"]
[WhiteElo "2019"]
[BlackElo "1969"]
[PlyCount "62"]
[EventDate "2016.10.15"]
[EventType "team"]
[EventRounds "11"]
[EventCountry "AUT"]
[WhiteTeam "Blackburne Nickelsdorf 2"]
[BlackTeam "tschaturanga"]

1. e4 e5 2. Nf3 d6 3. d4 exd4 4. Nxd4 Nf6 5. Nc3 Be7 6. Be2 O-O 7. Bf4 Re8 8.
Qd2 Bf8 9. f3 a6 10. O-O-O b5 11. g4 Be6 12. Nxe6 Rxe6 13. e5 Ne8 14. Ne4 h6
15. g5 Nc6 16. gxh6 dxe5 17. Qe1 Qe7 18. Bg5 Qb4 19. hxg7 Bxg7 20. c3 Qa5 21.
Rg1 Qxa2 22. Qh4 b4 23. Bf6 bxc3 24. Rxg7+ Nxg7 25. Nxc3 Qa1+ 26. Kc2 Nd4+ 27.
Rxd4 exd4 28. Qxd4 Rb8 29. Ne4 Rc6+ 30. Bc4 Nf5 31. Qc3 Rxc4 0-1

[Event "2. Bundesliga Ost 2016/2017"]
[Site "alle Wien"]
[Date "2016.10.16"]
[Round "2"]
[Board "1"]
[White "Weinzettl, Ernst"]
[Black "Bachofner, Andreas"]
[Result "1-0"]
[WhiteElo "2274"]
[BlackElo "2214"]
[PlyCount "85"]
[EventDate "2016.10.15"]
[EventType "team"]
[EventRounds "11"]
[EventCountry "AUT"]
[WhiteTeam "ASVOE VHS Poechlarn"]
[BlackTeam "Blackburne Nickelsdorf 2"]

1. e4 e6 2. d4 d5 3. Nd2 dxe4 4. Nxe4 Bd7 5. Nf3 Bc6 6. Bd3 Nd7 7. Qe2 Be7 8.
Bd2 Bxe4 9. Bxe4 c6 10. O-O Ngf6 11. Bd3 Qc7 12. c4 O-O 13. Bc3 Rfe8 14. Qc2 h6
15. Rfe1 c5 16. dxc5 Nxc5 17. Bf1 a5 18. b3 Nfd7 19. Nd4 Bf6 20. Rad1 Bxd4 21.
Rxd4 e5 22. Rd5 f6 23. g3 Nb6 24. Rdd1 Ne6 25. Bg2 a4 26. h4 axb3 27. axb3 Rad8
28. Qg6 Nf8 29. Qe4 Rxd1 30. Rxd1 Re7 31. c5 Nc8 32. Qd5+ Ne6 33. Bh3 Kf7 34.
Qc4 b6 35. b4 bxc5 36. bxc5 g6 37. h5 f5 38. Bb4 Kf6 39. hxg6 Nd4 40. Bg2 Rd7
41. Ra1 Ne6 42. Ra6 Rd6 43. Qh4+ 1-0

[Event "2. Bundesliga Ost 2016/2017"]
[Site "alle Wien"]
[Date "2016.10.16"]
[Round "2"]
[Board "2"]
[White "Koffler, Daniel"]
[Black "Ganaus, Hannes"]
[Result "0-1"]
[WhiteElo "2152"]
[BlackElo "2277"]
[PlyCount "56"]
[EventDate "2016.10.15"]
[EventType "team"]
[EventRounds "11"]
[EventCountry "AUT"]
[WhiteTeam "Blackburne Nickelsdorf 2"]
[BlackTeam "ASVOE VHS Poechlarn"]

1. e4 c6 2. d4 d5 3. e5 Bf5 4. h4 c5 5. g4 Bd7 6. c3 Nc6 7. Bh3 Rc8 8. Nf3 e6
9. Bg5 Qb6 10. b3 cxd4 11. O-O dxc3 12. Nxc3 Ba3 13. Be3 Qa5 14. Na4 Nge7 15.
Re1 Nb4 16. Bd2 Qd8 17. Bxb4 Bxb4 18. Re2 Ng6 19. Qd4 a5 20. Nb6 Bc5 21. Nxc8
Bxd4 22. Nd6+ Kf8 23. Nxd4 Qxh4 24. Re3 Nxe5 25. Nf3 Nxf3+ 26. Rxf3 Ke7 27.
Nxb7 h5 28. gxh5 Qb4 0-1

[Event "2. Bundesliga Ost 2016/2017"]
[Site "alle Wien"]
[Date "2016.10.16"]
[Round "2"]
[Board "3"]
[White "Wilke, Werner"]
[Black "Kuntner, Reinhard"]
[Result "1-0"]
[WhiteElo "2226"]
[BlackElo "2076"]
[PlyCount "112"]
[EventDate "2016.10.15"]
[EventType "team"]
[EventRounds "11"]
[EventCountry "AUT"]
[WhiteTeam "ASVOE VHS Poechlarn"]
[BlackTeam "Blackburne Nickelsdorf 2"]

1. e4 c5 2. Nf3 d6 3. c3 Nf6 4. Bb5+ Bd7 5. Qe2 Nc6 6. d4 cxd4 7. cxd4 a6 8.
Bxc6 Bxc6 9. Nc3 d5 10. Ne5 e6 11. Nxc6 bxc6 12. e5 Nd7 13. Qg4 h5 14. Qd1 c5
15. Be3 cxd4 16. Bxd4 g5 17. Qa4 Rh6 18. O-O Bg7 19. f4 Kf8 20. f5 Bxe5 21.
Bxe5 Nxe5 22. Qd4 Qb8 23. fxe6 Rxe6 24. Nxd5 Qa7 25. Qxa7 Rxa7 26. Rae1 Rd7 27.
Nf6 Rd2 28. Nh7+ Kg7 29. Nxg5 Re7 30. Nxf7 Nf3+ 31. gxf3 Rxe1 32. Rxe1 Kxf7 33.
Re5 Rxb2 34. Ra5 h4 35. Rxa6 Kg7 36. Ra4 h3 37. Rh4 Rg2+ 38. Kh1 Rxa2 39. Rxh3
Kg6 40. Rh4 Kg5 41. Rg4+ Kf5 42. Kg1 Rb2 43. Rg2 Rb1+ 44. Kf2 Rb2+ 45. Kg3 Rb8
46. Ra2 Rg8+ 47. Kf2 Rh8 48. Ra5+ Kf4 49. Ra4+ Kf5 50. Kg3 Rh7 51. h4 Rb7 52.
Ra5+ Kf6 53. Kg4 Rb1 54. Ra6+ Kg7 55. h5 Rg1+ 56. Kf5 Rg2 1-0

[Event "2. Bundesliga Ost 2016/2017"]
[Site "alle Wien"]
[Date "2016.10.16"]
[Round "2"]
[Board "4"]
[White "Rongitsch, Thomas"]
[Black "Ernst, Michael"]
[Result "1-0"]
[WhiteElo "2092"]
[BlackElo "2071"]
[PlyCount "98"]
[EventDate "2016.10.15"]
[EventType "team"]
[EventRounds "11"]
[EventCountry "AUT"]
[WhiteTeam "Blackburne Nickelsdorf 2"]
[BlackTeam "ASVOE VHS Poechlarn"]

1. e4 e5 2. Nf3 Nc6 3. d4 exd4 4. Nxd4 Bb4+ 5. c3 Bc5 6. Be3 Bb6 7. Nd2 Nf6 8.
Bc4 O-O 9. O-O Nxd4 10. Bxd4 Bxd4 11. cxd4 d5 12. exd5 Nxd5 13. Ne4 Nf4 14. Qf3
Be6 15. Qxf4 Bxc4 16. Rfc1 Bd5 17. Ng3 c6 18. Rc3 g6 19. h4 f6 20. Re1 Qd7 21.
Rce3 Rae8 22. Rxe8 Rxe8 23. Rxe8+ Qxe8 24. Qxf6 Bxa2 25. h5 Qf7 26. Qg5 Qd5 27.
Qf6 Qf7 28. Qe5 Bd5 29. hxg6 hxg6 30. Qb8+ Kg7 31. Qxa7 Qe7 32. Qa5 b6 33. Qd2
b5 34. f3 Qe6 35. Ne2 Bc4 36. Nc3 Bd5 37. Kf2 Qe7 38. Nxd5 cxd5 39. Qe1 Qh4+
40. Ke2 Qxd4 41. Qc3 Qxc3 42. bxc3 Kf6 43. Kd3 Ke5 44. g3 g5 45. Ke3 d4+ 46.
cxd4+ Kd5 47. Kd3 b4 48. f4 gxf4 49. gxf4 b3 1-0

[Event "2. Bundesliga Ost 2016/2017"]
[Site "alle Wien"]
[Date "2016.10.16"]
[Round "2"]
[Board "5"]
[White "Schweitzer, Werner"]
[Black "Bachofner, Christian"]
[Result "1/2-1/2"]
[WhiteElo "2026"]
[BlackElo "2030"]
[PlyCount "87"]
[EventDate "2016.10.15"]
[EventType "team"]
[EventRounds "11"]
[EventCountry "AUT"]
[WhiteTeam "ASVOE VHS Poechlarn"]
[BlackTeam "Blackburne Nickelsdorf 2"]

1. b3 Nf6 2. Bb2 d5 3. e3 c5 4. f4 Nc6 5. Nf3 e6 6. Bb5 Bd7 7. O-O Be7 8. d3
O-O 9. Bxc6 Bxc6 10. Ne5 Qc7 11. Nd2 Rad8 12. Qe1 Nd7 13. Qg3 f6 14. Nxc6 Qxc6
15. Rae1 b5 16. e4 d4 17. Nf3 b4 18. a4 a5 19. Nh4 Bd6 20. Qh3 Bc7 21. f5 e5
22. Nf3 Rfe8 23. g4 h6 24. Qg3 Kf7 25. h4 Rh8 26. Kf2 Rdg8 27. Ke2 Ke7 28. Rg1
Qa8 29. Bc1 Qe8 30. Nd2 Nb6 31. Nc4 Nxc4 32. dxc4 Kd6 33. Kd3 Bd8 34. Ref1 Be7
35. Rf2 Rh7 36. Qf3 Rgh8 37. Rfg2 Bd8 38. Rg3 Be7 39. g5 hxg5 40. hxg5 Qh5 41.
Qg2 Qh2 42. Bd2 Qxg2 43. R1xg2 Rh3 44. g6 1/2-1/2

[Event "2. Bundesliga Ost 2016/2017"]
[Site "alle Wien"]
[Date "2016.10.16"]
[Round "2"]
[Board "6"]
[White "Jirovec, Alfred"]
[Black "Lammer, Stefan"]
[Result "1/2-1/2"]
[WhiteElo "2023"]
[BlackElo "2070"]
[PlyCount "84"]
[EventDate "2016.10.15"]
[EventType "team"]
[EventRounds "11"]
[EventCountry "AUT"]
[WhiteTeam "Blackburne Nickelsdorf 2"]
[BlackTeam "ASVOE VHS Poechlarn"]

1. Nf3 Nf6 2. c4 e6 3. g3 b6 4. Bg2 Bb7 5. O-O Be7 6. a3 a5 7. Nc3 O-O 8. Re1
Ne4 9. Nxe4 Bxe4 10. d3 Bb7 11. b3 Bf6 12. Rb1 d6 13. Bb2 Nd7 14. Bxf6 Qxf6 15.
d4 Be4 16. Rc1 Rfd8 17. Qd2 c5 18. Red1 h6 19. Qe3 Bb7 20. Rd2 Qe7 21. Rcd1 Nf6
22. dxc5 bxc5 23. h3 Qc7 24. g4 Rab8 25. g5 hxg5 26. Nxg5 Bxg2 27. Kxg2 Qb7+
28. f3 Qxb3 29. Qxb3 Rxb3 30. Rxd6 Rxd6 31. Rxd6 Kf8 32. Rc6 Rxa3 33. Rxc5 Ne8
34. Rb5 Rc3 35. c5 a4 36. Ne4 Rc2 37. Kf2 f5 38. Ng5 Ke7 39. Ra5 Kf6 40. f4 Nc7
41. Rxa4 Rxc5 42. h4 e5 1/2-1/2

[Event "2. Bundesliga Ost 2016/2017"]
[Site "alle Wien"]
[Date "2016.10.16"]
[Round "2"]
[Board "1"]
[White "Polak, Tomas"]
[Black "Wcislo, Damian"]
[Result "1-0"]
[WhiteElo "2505"]
[BlackElo "2304"]
[PlyCount "93"]
[EventDate "2016.10.15"]
[EventType "team"]
[EventRounds "11"]
[EventCountry "AUT"]
[WhiteTeam "SK Hietzing"]
[BlackTeam "tschaturanga"]

1. Nf3 d5 2. d4 c6 3. c4 e6 4. e3 Nf6 5. Nc3 Nbd7 6. Qc2 Bd6 7. b3 O-O 8. Be2
e5 9. cxd5 Nxd5 10. Ne4 Bb4+ 11. Bd2 Bxd2+ 12. Qxd2 f5 13. Neg5 exd4 14. Qxd4
Re8 15. O-O h6 16. Nh3 g5 17. Bc4 N7b6 18. Ne5 Be6 19. f4 g4 20. Nf2 Nxc4 21.
bxc4 Nf6 22. Qc3 Qe7 23. Rae1 Qg7 24. e4 h5 25. Qg3 Rad8 26. Re3 Rd4 27. Rfe1
Rf8 28. Qh4 fxe4 29. Nxe4 Nxe4 30. Rxe4 Rxf4 31. Rxd4 Rxd4 32. Qxh5 Rd8 33. Qh4
Rf8 34. Qg3 c5 35. Re4 Bf5 36. Rf4 Be6 37. Re4 Bf5 38. Re3 Be6 39. Qe1 Qh6 40.
h3 gxh3 41. Rg3+ Kh7 42. Rg6 Qf4 43. Rxe6 Rf5 44. g3 h2+ 45. Kxh2 Rh5+ 46. Kg2
Qf5 47. Nf3 1-0

[Event "2. Bundesliga Ost 2016/2017"]
[Site "alle Wien"]
[Date "2016.10.16"]
[Round "2"]
[Board "2"]
[White "Sadilek, Peter"]
[Black "Penz, Harald"]
[Result "1/2-1/2"]
[WhiteElo "2274"]
[BlackElo "2315"]
[PlyCount "103"]
[EventDate "2016.10.15"]
[EventType "team"]
[EventRounds "11"]
[EventCountry "AUT"]
[WhiteTeam "tschaturanga"]
[BlackTeam "SK Hietzing"]

1. Nf3 d5 2. g3 Nf6 3. c4 e6 4. d4 Be7 5. Bg2 O-O 6. O-O c6 7. Qc2 b6 8. Bf4
Bb7 9. Rd1 Nbd7 10. Ne5 Nxe5 11. dxe5 Nd7 12. cxd5 cxd5 13. e4 g5 14. Be3 Nxe5
15. exd5 exd5 16. Nc3 Qc8 17. Qe2 Qg4 18. Qxg4 Nxg4 19. Bd4 Rfd8 20. Re1 Bf6
21. Rad1 Re8 22. Rxe8+ Rxe8 23. Bxd5 Ba6 24. Ne4 Bxd4 25. Rxd4 Kg7 26. Ra4 Bd3
27. h3 Bxe4 28. Bxe4 Nf6 29. Bf3 Re7 30. Rc4 Rd7 31. b4 Rd3 32. Bc6 Ra3 33. Rc2
Kf8 34. Re2 Rc3 35. Bb5 Rc1+ 36. Kg2 Rb1 37. a3 Rb3 38. Re5 h6 39. Rf5 Ke7 40.
Re5+ Kf8 41. Rf5 Kg7 42. Rf3 Rb2 43. Bc4 Rc2 44. Bb3 Rc7 45. Rd3 Nd7 46. Rd4
Ne5 47. Bd1 Rc3 48. Rd5 Kf6 49. Rd6+ Kg7 50. Rd5 Kf6 51. Rd6+ Kg7 52. Rd5
 1/2-1/2

[Event "2. Bundesliga Ost 2016/2017"]
[Site "alle Wien"]
[Date "2016.10.16"]
[Round "2"]
[Board "3"]
[White "Djeno, Drago"]
[Black "Sadilek, Maximilian"]
[Result "0-1"]
[WhiteElo "2224"]
[BlackElo "2258"]
[PlyCount "82"]
[EventDate "2016.10.15"]
[EventType "team"]
[EventRounds "11"]
[EventCountry "AUT"]
[WhiteTeam "SK Hietzing"]
[BlackTeam "tschaturanga"]

1. c4 b6 2. Nf3 Bb7 3. g3 Bxf3 4. exf3 c5 5. d4 cxd4 6. Qxd4 Nc6 7. Qd2 e6 8.
Nc3 Qf6 9. Be2 Bb4 10. O-O Nge7 11. Ne4 Qe5 12. Qd3 d5 13. cxd5 exd5 14. Ng5 h6
15. f4 Qf6 16. Nf3 O-O 17. a3 Bc5 18. Rb1 a5 19. Bd2 a4 20. Bc3 d4 21. Bd2 Rfe8
22. Bd1 Nf5 23. Bc2 g6 24. Rfe1 Rad8 25. Ne5 Ne3 26. Nxc6 Nxc2 27. Nxd8 Nxe1
28. Rxe1 Rxd8 29. Re5 Qc6 30. f5 Kg7 31. fxg6 fxg6 32. Re4 Qd5 33. Qe2 Rf8 34.
Re6 d3 35. Bc3+ Kh7 36. Qe4 Qxe4 37. Rxe4 Rxf2 38. Bd4 Rxb2 39. Kf1 Rb1+ 40.
Kf2 d2 41. Bxc5 bxc5 0-1